Discovering Rhodesian history (Record no. 119324)
[ view plain ]
| 000 -LEADER | |
|---|---|
| fixed length control field | 00396nam a22001337a 4500 |
| 008 - FIXED-LENGTH DATA ELEMENTS--GENERAL INFORMATION | |
| fixed length control field | 131218b xxu||||| |||| 00| 0 eng d |
| 050 ## - LIBRARY OF CONGRESS CALL NUMBER | |
| Classification number | SPC DT2925.D553 |
| 100 ## - MAIN ENTRY--PERSONAL NAME | |
| Personal name | Dickinson, R. W. |
| 9 (RLIN) | 5876 |
| 245 ## - TITLE STATEMENT | |
| Title | Discovering Rhodesian history |
| 260 ## - PUBLICATION, DISTRIBUTION, ETC. (IMPRINT) | |
| Place of publication, distribution, etc | Salisbury |
| Name of publisher, distributor, etc | Longman Rhodesia |
| Date of publication, distribution, etc | 1968 |
| 300 ## - PHYSICAL DESCRIPTION | |
| Extent | iv; 80p. |
| Dimensions | 18cm |
| 650 ## - SUBJECT ADDED ENTRY--TOPICAL TERM | |
| Topical term or geographic name as entry element | Zimbabwe - History - Juvenile work |
| 9 (RLIN) | 5877 |
| 942 ## - ADDED ENTRY ELEMENTS (KOHA) | |
| Source of classification or shelving scheme | Library of Congress Classification |
| Item type | Monograph ( Printed materials) |
| Withdrawn status | Lost status | Source of classification or shelving scheme | Damaged status | Not for loan | Collection code | Home library | Current library | Shelving location | Date acquired | Total Checkouts | Full call number | Barcode | Date last seen | Price effective from | Koha item type |
|---|---|---|---|---|---|---|---|---|---|---|---|---|---|---|---|
| Library of Congress Classification | SPECIAL Collection | ARRUPE LIBRARY | ARRUPE LIBRARY | REFERENCE | 18/12/2013 | SPC. DT2925.D553 | 464122637 | 18/12/2013 | 18/12/2013 | SPC | |||||
| Library of Congress Classification | SPECIAL Collection | ARRUPE LIBRARY | ARRUPE LIBRARY | REFERENCE | 06/02/2019 | SPC. DT2925.D553 | 46600003657 | 06/02/2019 | 06/02/2019 | SPC | |||||
| Library of Congress Classification | SPECIAL Collection | ARRUPE LIBRARY | ARRUPE LIBRARY | REFERENCE | 06/02/2019 | SPC DT2925.D553 | 46600003658 | 06/02/2019 | 06/02/2019 | SPC |